Способ функционального поражения полупроводниковых радиоэлектронных средств

Dades bibliogràfiques
Autor corporatiu: Томский политехнический университет (ТПУ) Научно-исследовательский институт ядерной физики (НИИ ЯФ)
Altres autors: Диденко А. Н. Андрей Николаевич, Сулакшин А. С., Фортов В. Е. Владимир Евгеньевич, Юшков Ю. Г. Юрий Георгиевич
Sumari:опубл. 20.08.00
Предлагаемое изобретение относится к технике борьбы с радиоэлектронными средствами различного назначения и предназначено для поиска и вывода из строя объектов, содержащих полупроводниковые радиоэлементы, в частности, может быть использовано для вывода из строя функциональных электронных цепей объектов, используемых террористами.
Idioma:rus
Publicat:
Matèries:
Accés en línia:http://www1.fips.ru/fips_servl/fips_servlet?DB=RUPAT&rn=4358&DocNumber=2154839&TypeFile=html
Format: MixedMaterials Electrònic Llibre
KOHA link:https://koha.lib.tpu.ru/cgi-bin/koha/opac-detail.pl?biblionumber=637703

MARC

LEADER 00000nlm0a2200000 4500
001 637703
005 20231102024929.0
029 1 0 |a RU  |b 2154839  |c Пат.  |d МПК G 01 S 13/00  |d МПК G 01 S 7/38 
035 |a (RuTPU)RU\TPU\network\1871 
035 |a RU\TPU\network\1867 
039 0 |a RU  |b 98116492/09  |c 19980831 
090 |a 637703 
100 |a 20141010j20000820k y0rusy50 ca 
101 0 |a rus 
102 |a RU 
105 |a a k 000zy 
135 |a drcn ---uucaa 
181 0 |a i  
182 0 |a b 
200 1 |a Способ функционального поражения полупроводниковых радиоэлектронных средств  |f А. Н. Диденко [и др.]  |g Томский политехнический университет (ТПУ), Научно-исследовательский институт ядерной физики (НИИ ЯФ) 
203 |a Текст  |c электронный 
300 |a опубл. 20.08.00 
330 |a Предлагаемое изобретение относится к технике борьбы с радиоэлектронными средствами различного назначения и предназначено для поиска и вывода из строя объектов, содержащих полупроводниковые радиоэлементы, в частности, может быть использовано для вывода из строя функциональных электронных цепей объектов, используемых террористами. 
610 1 |a патенты 
610 1 |a труды учёных ТПУ 
610 1 |a электронный ресурс 
610 1 |a функциональное поражение 
610 1 |a полупроводниковые средства 
610 1 |a радиоэлектронные средства 
610 1 |a полупроводниковые радиоэлементы 
610 1 |a электронные цепи 
610 1 |a поиски 
701 1 |a Диденко  |b А. Н.  |c физик  |c профессор Томского политехнического университета (до 1987 г.)  |c с 1988 г. заведующий кафедрой Московского инженерно-физического института  |c советник Российской академии наук  |f 1932-  |g Андрей Николаевич  |2 stltpush  |3 (RuTPU)RU\TPU\pers\19779 
701 1 |a Сулакшин  |b А. С. 
701 1 |a Фортов  |b В. Е.  |c российский ученый, физик  |c академик-секретарь  |c председатель Научного совета РАН  |f 1946-  |g Владимир Евгеньевич  |2 stltpush  |3 (RuTPU)RU\TPU\pers\16656  |9 6005 
701 1 |a Юшков  |b Ю. Г.  |c электрофизик  |c профессор Томского политехнического университета, доктор технических наук  |f 1937-  |g Юрий Георгиевич  |2 stltpush  |3 (RuTPU)RU\TPU\pers\22023 
712 0 2 |a Томский политехнический университет (ТПУ)  |b Научно-исследовательский институт ядерной физики (НИИ ЯФ)  |c (1998- )  |2 stltpush  |3 (RuTPU)RU\TPU\col\581 
801 1 |a RU  |b 63413507  |c 20120201 
801 2 |a RU  |b 63413507  |c 20160608  |g RCR 
856 4 |u http://www1.fips.ru/fips_servl/fips_servlet?DB=RUPAT&rn=4358&DocNumber=2154839&TypeFile=html 
942 |c CF